[Event "FAI-chT3 1415"]
[Site "Faroe Islands"]
[Date "2014.11.08"]
[Round "3.2"]
[White "Lon, Ronny"]
[Black "Petersen, Helgi L"]
[Result "1/2-1/2"]
[WhiteElo "1384"]
[BlackElo "1409"]
[PlyCount "76"]
[EventDate "2014.10.26"]
[EventType "team-tourn"]
[EventRounds "7"]
[EventCountry "FAI"]
[SourceTitle "CBM 163 Extra"]
[Source "ChessBase"]
[SourceDate "2014.12.23"]
[SourceVersion "1"]
[SourceVersionDate "2014.12.23"]
[SourceQuality "1"]
[WhiteTeam "Havnin IV"]
[BlackTeam "Toftir II"]
[WhiteTeamCountry "FAI"]
[BlackTeamCountry "FAI"]

1. e4 c5 2. Nf3 d6 3. c3 a6 4. d4 cxd4 5. cxd4 g6 6. Bc4 b5 7. Bb3 e6 8. Bg5 Qa5+ 9. Qd2 Qxd2+ 10. Nbxd2 Bg7 11. Rc1 Nd7 12. 0-0 Ngf6 13. e5 dxe5 14. dxe5 Ng4 15. Ne4 0-0 16. Nd6 Bh6 17. Bxh6 Nxh6 18. h3 Nf5 19. Rfe1 Nxd6 20. exd6 Bb7 21. Ne5 Nxe5 22. Rxe5 Rfd8 23. Rc7 Bc8 24. Rec5 Bd7 25. Bd1 Kf8 26. Bf3 Rab8 27. Bc6 Ke8 28. Kf1 Rb6 29. Bxd7+ Rxd7 30. Rc8+ Rd8 31. d7+ Ke7 32. R5c6 Rxc6 33. Rxc6 Rxd7 34. Rxa6 Rd6 35. Ra3 b4 36. Rb3 Ra6 37. a3 bxa3 38. Rxa3 Rb6 1/2-1/2

[Event "FAI-chT2 1415"]
[Site "Faroe Islands"]
[Date "2014.10.26"]
[Round "1.3"]
[White "Lon, Ronny"]
[Black "Naes, Jogvan"]
[Result "1/2-1/2"]
[WhiteElo "1384"]
[BlackElo "1833"]
[PlyCount "72"]
[EventDate "2014.10.26"]
[EventType "team-tourn"]
[EventRounds "10"]
[EventCountry "FAI"]
[SourceTitle "CBM 163 Extra"]
[Source "ChessBase"]
[SourceDate "2014.12.23"]
[SourceVersion "1"]
[SourceVersionDate "2014.12.23"]
[SourceQuality "1"]
[WhiteTeam "Havnin III"]
[BlackTeam "Havnin II"]
[WhiteTeamCountry "FAI"]
[BlackTeamCountry "FAI"]

1. e4 e5 2. Nf3 Nf6 3. d3 Nc6 4. Be2 d5 5. exd5 Nxd5 6. Nbd2 Bd6 7. Ne4 0-0 8. Bg5 Nce7 9. 0-0 h6 10. Bh4 f5 11. Bxe7 Qxe7 12. Nxd6 cxd6 13. Re1 b6 14. Nd2 Bb7 15. Bf3 g5 16. Bxd5+ Bxd5 17. Qh5 Kg7 18. Nc4 g4 19. Ne3 Be6 20. g3 Rf6 21. Qh4 Qf7 22. Nc4 Bd7 23. f4 gxf3 24. Kf2 Re8 25. Nd2 Bc6 26. b3 Qd5 27. Qc4 e4 28. Qxd5 Bxd5 29. Re3 Bb7 30. c4 Rg6 31. dxe4 fxe4 32. Rae1 d5 33. cxd5 Bxd5 34. Nxe4 Rc6 35. Kxf3 Rf8+ 36. Kg4 Rc2 1/2-1/2

[Event "FAI-chT2 1213"]
[Site "Faroe Islands"]
[Date "2012.11.04"]
[Round "2.4"]
[White "Lon, Ronny"]
[Black "Johannesen, Hakun"]
[Result "1-0"]
[WhiteElo "1367"]
[BlackElo "1383"]
[PlyCount "67"]
[EventDate "2012.10.28"]
[EventType "team-tourn"]
[EventRounds "10"]
[EventCountry "FAI"]
[SourceTitle "EXT 2014"]
[Source "ChessBase"]
[SourceDate "2013.11.20"]
[SourceVersion "1"]
[SourceVersionDate "2013.11.20"]
[SourceQuality "1"]
[WhiteTeam "Havnin III"]
[BlackTeam "Skopun"]
[WhiteTeamCountry "FAI"]
[BlackTeamCountry "FAI"]

1. e4 e6 2. d4 d5 3. Nd2 Nf6 4. e5 Nfd7 5. Ngf3 c5 6. c3 Nc6 7. Be2 Qb6 8. Nb3 cxd4 9. cxd4 Bb4+ 10. Bd2 Bxd2+ 11. Qxd2 h6 12. 0-0 Qd8 13. Rac1 a6 14. Rc2 Qe7 15. Rfc1 0-0 16. a3 f6 17. Nh4 Qf7 18. exf6 Nxf6 19. Nf3 Ne4 20. Qe3 Bd7 21. Bd3 Nf6 22. h3 Rfe8 23. Ne5 Nxe5 24. Qxe5 Ba4 25. Rc3 Bxb3 26. Rxb3 Rac8 27. Rbc3 Rxc3 28. Rxc3 Nd7 29. Qg3 Nb6 30. Bg6 Qf8 31. Bxe8 Qxe8 32. Rc7 Qf8 33. Rxb7 Nc4 34. Rb8 1-0

[Event "FAI-chT2 1213"]
[Site "Faroe Islands"]
[Date "2012.10.28"]
[Round "1.4"]
[White "Lon, Ronny"]
[Black "Jacobsen, Runi Tindskard"]
[Result "1/2-1/2"]
[WhiteElo "1367"]
[BlackElo "1469"]
[PlyCount "61"]
[EventDate "2012.10.28"]
[EventType "team-tourn"]
[EventRounds "10"]
[EventCountry "FAI"]
[SourceTitle "EXT 2014"]
[Source "ChessBase"]
[SourceDate "2013.11.20"]
[SourceVersion "1"]
[SourceVersionDate "2013.11.20"]
[SourceQuality "1"]
[WhiteTeam "Havnin III"]
[BlackTeam "Havnin II"]
[WhiteTeamCountry "FAI"]
[BlackTeamCountry "FAI"]

1. e4 d6 2. d4 g6 3. Bc4 Bg7 4. f4 Nf6 5. Nc3 0-0 6. Nf3 Nxe4 7. Bxf7+ Rxf7 8. Nxe4 d5 9. Neg5 Rf8 10. Ne5 h6 11. Ngf3 Bf5 12. g4 Be4 13. 0-0 Nd7 14. Be3 Nxe5 15. Nxe5 e6 16. Qe2 Bxe5 17. fxe5 Qh4 18. c3 Kg7 19. Rf4 g5 20. Rxf8 Rxf8 21. Rf1 Qh3 22. Rxf8 Kxf8 23. Qf1+ Qxf1+ 24. Kxf1 Ke7 25. Kf2 Kd7 26. Kg3 Ke7 27. h4 Kf7 28. hxg5 hxg5 29. Bxg5 c6 30. Kf4 b5 31. b4 1/2-1/2

[Event "FAI-chT"]
[Site "Faroe Islands"]
[Date "2012.03.11"]
[Round "9.4"]
[White "Lon, Ronny"]
[Black "Nielsen, Hogni Egilstoft"]
[Result "0-1"]
[WhiteElo "1379"]
[BlackElo "1978"]
[PlyCount "55"]
[EventDate "2011.10.30"]
[EventType "team-tourn"]
[EventRounds "10"]
[EventCountry "FAI"]
[SourceTitle "EXT 2013"]
[Source "ChessBase"]
[SourceDate "2012.11.22"]
[SourceVersion "1"]
[SourceVersionDate "2012.11.22"]
[SourceQuality "1"]
[WhiteTeam "Havnin II"]
[BlackTeam "Sandavagur"]
[WhiteTeamCountry "FAI"]
[BlackTeamCountry "FAI"]

1. e4 e5 2. Nf3 Nc6 3. Bb5 a6 4. Ba4 Nf6 5. 0-0 Nxe4 6. Bxc6 dxc6 7. Nxe5 Be7 8. d4 0-0 9. Re1 Nd6 10. c4 Bf6 11. Qb3 Nf5 12. d5 Re8 13. Nf3 Nd4 14. Rxe8+ Qxe8 15. Qd1 Nxf3+ 16. gxf3 Bh3 17. Nc3 Bxc3 18. bxc3 cxd5 19. cxd5 f5 20. Kh1 Qh5 21. d6 Qg6 22. Qd5+ Kh8 23. f4 Rd8 24. Qf3 Rxd6 25. Ba3 Rd3 26. Qxb7 h6 27. Rg1 Qxg1+ 28. Kxg1 0-1